Proceedings of the fourth International Conference on Representations of Algebras held in Ottawa, Canada, August 16-25, 1984

Αποθηκεύτηκε σε:
Λεπτομέρειες βιβλιογραφικής εγγραφής
Συγγραφή απο Οργανισμό/Αρχή: International Conference on Representations of Algebras Carleton University, Ottawa
Άλλοι συγγραφείς: Dlab, Vlastimil (Επιμελητής έκδοσης), Gabriel, Peter, 1933-2015 (Επιμελητής έκδοσης), Michler, G. (Gerhard), 1938- (Επιμελητής έκδοσης)
Μορφή: Πρακτικό Συνεδρίου Βιβλίο
Γλώσσα:English
Δημοσίευση: Berlin : Springer-Verlag, c1986.
Σειρά:Lecture notes in mathematics (Springer-Verlag) ; 1177 ; 1178
Θέματα:
Ετικέτες: Προσθήκη ετικέτας
Δεν υπάρχουν, Καταχωρήστε ετικέτα πρώτοι!

MARC

LEADER 00000cam a2200000 i 4500
001 1/63532
008 941103s1986####-ge| ||| |||| ||eng||
020 |a 0387164324 
020 |a 0387164332 
020 |a 3540164324 
020 |a 3540164332 
035 |l 10046804 
035 |a 1993 
040 |a GR-MyUA  |b gre  |e AACR2 
041 0 |a eng 
082 0 |a 512.5  
111 2 |a International Conference on Representations of Algebras   |n (4th :   |d 1984 :   |c Carleton University, Ottawa) 
245 1 0 |a Proceedings of the fourth International Conference on Representations of Algebras held in Ottawa, Canada, August 16-25, 1984 /   |c edited by V. Dlab, P. Gabriel and G. Michler.  
260 |a Berlin :   |b Springer-Verlag,   |c c1986.  
300 |a 2 τ. ;   |c 25 εκ.  
490 1 |a (Lecture notes in mathematics (Springer-Verlag)   |v ; 1177   |v ; 1178)  
500 |a Errata sheets laid in 
500 |a Περιέχει βιβλιογραφία.  
505 0 |a Τ. 1. Representation theory I, finite dimensional algebras - τ. 2. Representation theory II, groups and orders.  
650 0 0 |a Representations of algebras  |x Congresses. 
700 1 |a Dlab, Vlastimil,  |e edt 
700 1 |a Gabriel, Peter,   |d 1933-2015,  |e edt 
700 1 |a Michler, G.   |q (Gerhard),   |d 1938-  |e edt 
740 0 2 |a Representation theory I finite dimensional algebras 
740 0 2 |a Representation theory II groups and orders 
830 0 |a Lecture notes in mathematics (Springer-Verlag)  |v ; 1177  |v ; 1178 
852 |a INST  |b SAMOS  |e 19941103  |h 512.5 INT  |p 005300008164  |q 005300008164  |t BK  |y 0  |z v.1 
852 |a INST  |b SAMOS  |e 19941103  |h 512.5 INT  |p 005300008208  |q 005300008208  |t BK  |y 0  |z v.2 
852 |a INST  |b SAMOS  |e 19941103  |h 512.5 INT  |p 005300008164  |q 005300008164  |t BK  |v v.1:  |y 0  |z v.1 
852 |a INST  |b SAMOS  |e 19941103  |h 512.5 INT  |p 005300008208  |q 005300008208  |t BK  |v v.2:  |y 0  |z v.2 
853 |a INST  |b SAMOS  |h 512.5 INT 
909 |a Σ  |b 029037 
909 |a Σ  |b 029048